[Event "Benidorm op 24th"]
[Site "Benidorm"]
[Date "2020.10.07"]
[Round "6"]
[White "Urlezaga Mandaluniz, Jose A"]
[Black "Galletero Monsalve, Juan Fco"]
[Result "1/2-1/2"]
[WhiteElo "1149"]
[BlackElo "1184"]
[PlyCount "47"]
[EventDate "2020.10.02"]
[EventType "tourn"]
[EventRounds "7"]
[EventCountry "ESP"]
[SourceTitle "EXT 2024"]
[Source "ChessBase"]
[SourceDate "2023.10.10"]
[SourceVersion "1"]
[SourceVersionDate "2023.10.10"]
[SourceQuality "1"]

1. e4 e6 2. d4 d5 3. e5 c5 4. Nf3 Nc6 5. c3 Qb6 6. Qc2 f6 7. Bf4 Qc7 8. Bb5 Bd7 9. 0-0 Be7 10. Nbd2 a6 11. Bd3 g5 12. Bxh7 gxf4 13. Qg6+ Kd8 14. Bxg8 fxe5 15. Nxe5 Nxe5 16. dxe5 Qxe5 17. Nf3 Qc7 18. Rae1 Qb6 19. Re2 Be8 20. Qg7 Rh5 21. Rxe6 Qc7 22. Bf7 Bxf7 23. Qxf7 Re5 24. Nxe5 1/2-1/2

[Event "Benidorm FEDC op 22th"]
[Site "Benidorm"]
[Date "2019.06.15"]
[Round "7"]
[White "Galletero Monsalve, Juan Fco"]
[Black "Garcia Diaz, Jose"]
[Result "0-1"]
[WhiteElo "1191"]
[BlackElo "1538"]
[PlyCount "70"]
[EventDate "2019.06.09"]
[EventType "swiss"]
[EventRounds "7"]
[EventCountry "ESP"]
[SourceTitle "EXT 2024"]
[Source "ChessBase"]
[SourceDate "2023.10.10"]
[SourceVersion "1"]
[SourceVersionDate "2023.10.10"]
[SourceQuality "1"]

1. e4 e5 2. Bc4 c6 3. Nf3 Nf6 4. d3 Qb6 5. 0-0 d6 6. c3 Be7 7. Re1 0-0 8. Nbd2 Ng4 9. Qe2 Nf6 10. h3 Be6 11. Bb3 Na6 12. Nf1 Bxb3 13. axb3 Qxb3 14. Ra3 Qe6 15. Bg5 h6 16. Bh4 Rfe8 17. N3h2 d5 18. Qf3 Bxa3 19. bxa3 dxe4 20. dxe4 Nc5 21. Bxf6 Qxf6 22. Qh5 Rad8 23. Ng4 Qg6 24. Qh4 Qg5 25. Qg3 Rd3 26. Qh2 Rxc3 27. f3 Qd8 28. Re2 Qd4+ 29. Nge3 Rc1 30. Kf2 Nd3+ 31. Kg1 Nf4 32. Rf2 Nd3 33. Rd2 Qxe3+ 34. Kh1 Rxf1+ 35. Qg1 Qxg1# 0-1